000
00261nam a22001097a 4500
008
170120b xxu||||| |||| 00| 0 eng d
020
_a
9781416043928
041
_a
eng
080
_2
4TH
_a
618.2
245
_a
ADANCED PRACTICE NURSING
_c
HAMRICM A.B
942
_2
udc
_c
BK
999
_c
3276
_d
3276